00326nam a2200109Ia 4500008004100000082000800041100002400049245002700073942000600100952009500106999001500201240331s9999 xx 000 0 und d bSHA aShanmugasundaram, S 0aSudalai madun valipadu cL 001040708LaWERCLbWERCLcSSCd2024-03-31l0o 306 SHAp5036r2024-03-31w2024-03-31yL c2121d2121